Công nghệ axit sunfuric

Сохранить в:
Библиографические подробности
Главный автор: Đỗ, Bình
Формат:
Язык:Undetermined
Опубликовано: Hà Nội Bách Khoa - Hà Nội 2011
Предметы:
Метки: Добавить метку
Нет меток, Требуется 1-ая метка записи!
Thư viện lưu trữ: Trung tâm Học liệu Trường Đại học Cần Thơ
LEADER 00579nam a2200205Ia 4500
001 CTU_180700
008 210402s9999 xx 000 0 und d
020 |c 68500 
082 |a 621.22 
082 |b B312 
100 |a Đỗ, Bình 
245 0 |a Công nghệ axit sunfuric 
245 0 |c Đỗ Bình 
260 |a Hà Nội 
260 |b Bách Khoa - Hà Nội 
260 |c 2011 
650 |a Axit sunfuric,Sunfuric acid,Công nghệ axit sunfuric 
904 |i Thuý Vi 
910 |a Nguyên 
980 |a Trung tâm Học liệu Trường Đại học Cần Thơ